Diccionario histórico de la Ilustración

Gardado en:
Detalles Bibliográficos
Autor Principal: Ferrone, Vincenzo (Author)
Formato: Libro
Idioma:Lingua castelá
Publicado: Madrid Alianza 1998
Series:Alianza Diccionarios
Subjects:
Tags: Engadir etiqueta
Sen Etiquetas, Sexa o primeiro en etiquetar este rexistro!

MARC

LEADER 00000nam a2200000 a 4500
001 UCN7702
003 CL-VaPUC
008 011026e19980000SP |||||||||||||||||spa|d
082 0 4 |a 940.253  |b FER  |2 21 
100 0 |a Ferrone, Vincenzo  |e author  |9 463697 
245 1 0 |a Diccionario histórico de la Ilustración 
300 |a 551 p 
942 |c BK 
945 |d 20011026 00:00:00  |a vberengu 
260 |a Madrid  |b Alianza  |c 1998 
650 0 |a Ilustración   |9 313124 
650 7 |a HISTORIA EUROPEA - SIGLO 18  |2 CL-VaPUC  |9 463148 
583 |a last modification  |c 20011026 00:00:00  |k Rodrigo Vera 
490 0 |a Alianza Diccionarios 
999 |c 297915  |d 297913 
952 |0 0  |1 0  |4 0  |6 940_253000000000000_FER_1998  |7 0  |8 X  |9 352968  |a BIBHIS  |b BIBHIS  |d 2019-11-21  |i 3765040  |l 1  |o 940.253 FER 1998  |p 3765040  |r 2024-01-30  |s 2022-06-20  |w 2019-11-21  |y BK_X  |k HIS